Chansons les plus streamées : Mylène Farmer - Statistiques

Statistiques générales
  • Ce quiz a été pris 253 fois
    184 depuis la dernière actualisation
  • Le résultat moyen est 6 sur 10
Statistiques - réponses
Nb de streams Chanson % Correct
66 500 000 Désenchantée
95%
34 500 000 Sans contrefaçon
89%
14 000 000 Libertine
88%
12 000 000 Pourvu qu'elles soient douces
71%
10 000 000 Oui mais... Non
65%
19 000 000 C'est une belle journée
57%
12 000 000 California
56%
19 500 000 Stolen Car (feat. Sting)
43%
15 000 000 N'oublie pas (avec LP)
21%
16 500 000 Crier la vie (Slipping Away) [avec Moby]
18%
Aucun quiz correspondant
Distribution des résultats
% des personnes avec chaque résultat
Percentile par nombre de réponses
Votre historique - résultats
Vous n’avez pas pris ce quiz depuis la dernière actualisation